LEADER 00911nam a2200217 i 4500 001 000000214835 003 CaOOAMICUS 005 20120806000000.0 008 120806s1901 it u000 u ger u 013 $a193707 040 $aSeMil$bita 245 10$aTopographie der Stadt Rom /$cvon Otto Richter. 250 $a2. vermehrte und verb. Aufl. 300 $aVI, 411 p., 18 c. di tav., [2] c. geogr. ripieg. :$bill. 500 $aLegato con 1Y-IV-26 FA. 650 4$aRoma - Descrizioni e viaggi.$0(OLS)http://semarc/subject/23621 650 4$aRoma - Antichità.$0(OLS)http://semarc/subject/1824 773 0 $tHandbuch der klassischen Altertums-Wissenschaft.$dMünchen : C. H. Beck'sche Verlagsbuchhandlung, 1886.$gBd.3$w()27185 850 $aSeMil 852 $aSeMil$W1$xVenegono$y1$m1Y IV 27 FA$j165256$B165256$CSeMilBibl$Z2$F176259 $8I 996 $6245$aTopographie der Stadt Rom$9(OLS)http://semarc/title/309508 LEADER 00771naa a2200157 i 4500 001 000000306353 003 CaOOAMICUS 005 20180831172855.0 008 180831n xx u000 u eng u 013 $a14787 040 $aSeMil$bita 100 1 $aSaint-German, Christopher,$c.$0(OLS)http://semarc/name/87517 245 12$aA treatise concerning the division between spirituality and temporality. 650 4$aChiesa cattolica - Controversie - Opere anteriori al 1800.$0(OLS)http://semarc/subject/4412 773 0 $aMore, Thomas $tApology.$dNew Haven ; London : Yale University Press, 1979.$z0-300-02067-8$gp.177-212$w()73357 996 $6245$aA treatise concerning the division between spirituality and temporality$9(OLS)http://semarc/title/381771